000 01098nam a22002777a 4500
001 8959
003 FISKH
005 20251111135656.0
008 251111b cb ||||| |||| 00| 0 eng d
020 _a0851669727
040 _aFISKH
_beng
_cFISKH
_dFISKH
050 _aPZ7
082 _a638
100 _aMunro, Sarah
_eAuthor
245 _aHoney :
_bFocus on food /
_cSarah Munro ; Illustrations : Alan Male
260 _aLondon :
_bFranklin Watts ,
_c1982
300 _a47 pages :
_bcolor illustrations ;
_c22 cm
505 _aN
520 _aThis series of twelve illustrated books explains the most familiar foods and drinks that we come across in our daily lives. Each book explains where the products come from and the manufacturing process. They are especially useful for topic work and include projects to involve the reader. All books have been checked by Marketing Boards and major companies.
521 8 _a550
_bLexile estimate
521 8 _aN
_bRaz-Plus
650 _aGeneral science
_vHoney
700 _aMale, Alan
_eIllustrator
942 _2ddc
_cBK
_n0
999 _c8959
_d8959